000 00301nam a22001337a 4500
008 170912b xxu||||| |||| 00| 0 eng d
020 _a9780321001917
041 _aeng
080 _22ND
_a53
100 _a43
101 _aFIZ
245 _aCONCEPTUAL PHYSICAL SCINECE
_cHEWITT,J.K
942 _2udc
_cBK
999 _c27359
_d27359